LEADER 01739nam 2200397 n 450 001 996385220203316 005 20200818214224.0 035 $a(CKB)4940000000071164 035 $a(EEBO)2240860441 035 $a(UnM)99849849e 035 $a(UnM)99849849 035 $a(EXLCZ)994940000000071164 100 $a19920212d1627 uy | 101 0 $aeng 135 $aurbn||||a|bb| 200 00$aHorologiographia$b[electronic resource] $eThe art of dialling: teaching an easie and perfect way to make all kinds of dials vpon any plaine plat howsoeuer placed. With the drawing of the twelue signes, and houres vnequall in them all. Whereunto is annexed the making and vse of other dials and instruments, whereby the houre of the day and night is knowne: of speciall vse and delight, not only for students of the arts mathematicall, but also for diuers artificers, architects, surueyours of buildings, free-Masons and others. By Thomas Fale 210 $aAt London $cImprinted by Felix Kyngston, dwelling in Pater noster-Row$d1627 215 $a[4], 60, [16] leaves $cill 300 $aThe diagrams are by Jodocus Hondius. 300 $aThe last 16 leaves comprise a table of sines. 300 $aRunning title reads: The art of dialling. 300 $aA variant of STC 10679. 300 $aReproduction of the original in the British Library. 330 $aeebo-0018 606 $aDialing$vEarly works to 1800 615 0$aDialing 700 $aFale$b Thomas$ffl. 1604.$01002165 702 $aHondius$b Jodocus$f1563-1612, 801 0$bCu-RivES 801 1$bCu-RivES 801 2$bCStRLIN 801 2$bWaOLN 906 $aBOOK 912 $a996385220203316 996 $aHorologiographia$92300126 997 $aUNISA LEADER 03611nam 2200601 450 001 9910822973303321 005 20230808193313.0 010 $a90-04-31568-3 024 7 $a10.1163/9789004315686 035 $a(CKB)3710000000709218 035 $a(EBL)4547322 035 $a(SSID)ssj0001672778 035 $a(PQKBManifestationID)16470856 035 $a(PQKBTitleCode)TC0001672778 035 $a(PQKBWorkID)14918866 035 $a(PQKB)10111514 035 $a(PQKBManifestationID)16345376 035 $a(PQKBWorkID)14918867 035 $a(PQKB)21028797 035 $a(MiAaPQ)EBC4547322 035 $a(OCoLC)942610645 035 $a(nllekb)BRILL9789004315686 035 $a(EXLCZ)993710000000709218 100 $a20160628h20162016 uy 0 101 0 $aeng 135 $aur|n|---||||| 181 $ctxt 182 $cc 183 $acr 200 14$aThe influence of Abraham Cohen de Herrara's kabbalah on Spinoza's metaphysics /$fby Miquel Beltra?n 210 1$aLeiden, Netherlands ;$aBoston, Massachusetts :$cBrill,$d2016. 210 4$d©2016 215 $a1 online resource (459 p.) 225 1 $aThe Iberian Religious World,$x2213-9141 ;$vVolume 2 300 $aDescription based upon print version of record. 311 $a90-04-31567-5 320 $aIncludes bibliographical references and indexes. 327 $tPreliminary Material /$rMiquel Beltrán -- $tIntroduction /$rMiquel Beltrán -- $t1 The Ontology of Gate of Heaven and Spinoza?s Substance /$rMiquel Beltrán -- $t2 Early Considerations of Spinoza?s Kabbalism /$rMiquel Beltrán -- $t3 Other Considerations on the Consensus between Spinoza and the Kabbalah /$rMiquel Beltrán -- $t4 The Procession of the Many /$rMiquel Beltrán -- $t5 Inconsistencies of Creation in Time /$rMiquel Beltrán -- $t6 Modes of the Divinity /$rMiquel Beltrán -- $t7 The Concept of Causa Sui in Spinoza and Its Prefiguration in Herrera /$rMiquel Beltrán -- $t8 The Forging of the Attributes and the Secret of Immanent Causation /$rMiquel Beltrán -- $t9 Amor Dei Intellectualis? /$rMiquel Beltrán -- $t10 Spinoza?s Acosmism /$rMiquel Beltrán -- $tConcluding Remarks /$rMiquel Beltrán -- $tBibliography /$rMiquel Beltrán -- $tIndex of Names /$rMiquel Beltrán -- $tIndex of Subject Matter /$rMiquel Beltrán. 330 $aIn this book the author seeks to find historiographical and textual evidence that Abraham Cohen de Herrera ?s main kabbalistic work, Puerta del Cielo , influenced Spinoza?s metaphysics as it is expounded in his later work, the Ethica . Many of the most important ontological topics maintained by the philosopher, like the concept of the first cause as substance, the procession of the infinite modes, the subjective or metaphorical reality of the attributes, and the two different understandings of God, were anticipated in Herrera?s mystical treatise. Both shared a particular consideration of panentheism that entails acosmism. This influence is proven through a comparative examination of the writings of both authors, as well as a detailed research on previous Jewish philosophical thought. 410 0$aIberian religious world ;$vVolume 2. 606 $aCabala$xInfluence 606 $aMetaphysics 615 0$aCabala$xInfluence. 615 0$aMetaphysics. 676 $a296.1/6 700 $aBeltra?n$b M$g(Miquel),$01653027 801 0$bMiAaPQ 801 1$bMiAaPQ 801 2$bMiAaPQ 906 $aBOOK 912 $a9910822973303321 996 $aThe influence of Abraham Cohen de Herrara's kabbalah on Spinoza's metaphysics$94004067 997 $aUNINA